| 000 | 00812nam a2200241 a 4500 | ||
|---|---|---|---|
| 001 | 49647 | ||
| 003 | BD-RjUL | ||
| 005 | 20211209054716.0 | ||
| 008 | 160822s1967 bg ||||| |||| 00| 0 ben d | ||
| 020 | _c: PRs 3.50 | ||
| 035 | _a(BD-RjUL)49766 | ||
| 040 |
_aBD-RjUL _bben _cBD-RjUL |
||
| 041 | _aben | ||
| 082 |
_223 _a891.443 _bISS 1967 |
||
| 100 |
_aইসহাক, আবু _9125879 |
||
| 245 | 1 | 0 |
_aসূর্য-দীঘল বাড়ী / _cআবু ইসহাক |
| 250 | _a৩য় পাক. সং. | ||
| 260 |
_aঢাকা : _bনওরোজ কিতাবস্থান, _c১৯৬৭ |
||
| 300 |
_a[৬], ১৭৫ পৃ. ; _c২১ সেমি. |
||
| 650 |
_aবাংলা উপন্যাস _9125880 |
||
| 650 |
_aBengali Fiction _9125881 |
||
| 942 |
_2ddc _cBK |
||
| 999 |
_c49647 _d49647 |
||